000 00720nam a2200205 i 4500
001 92748
003 ES-MaACL
005 20250929063139.0
007 t|
008 050428s1965 sp ||||1| spa d
080 _a321.727(091)
100 0 _aQuintanar, Fernando Gallego de Chaves y Calleja,
_cMarqués de
_994696
245 1 0 _aTres restauraciones
_b: conferencia celebrada en el Ateneo de Madrid el día 3 de mayo de 1965 /
_cMarqués de Quintanar.
260 _aMadrid :
_b[s.n.],
_c1965.
300 _a22 p. ;
_c24 cm.
610 2 _aAteneo de Madrid-
_vConferencias-
_y1940-1982.
_91908
650 4 _aMonarquía-
_vHistoria.
_915147
852 _aES-MaACL
_j2187-F-19
_bR.135896
999 _c92748
_d92748